000 01212cam a22003254a 4500
999 _c16639
_d16639
001 16997022
005 20220303132237.0
008 111012s2012 enka b 001 0 eng
010 _a 2011041768
020 _a9780415673167
020 _a9780415673150 (pbk.)
040 _aDLC
_cDLC
_dDLC
042 _apcc
050 0 0 _aP96.M4
_b.J66 2012
082 0 0 _aDC 302.231
_22021
_bJ710
100 1 _aJones, Rodney H.
_944371
245 1 0 _aUnderstanding digital literacies :
_ba practical introduction /
_cRodney H. Jones ; Christoph A. Hafner.
260 _aMilton Park, Abingdon, Oxon ;
_aNew York :
_bRoutledge,
_c©2021.
300 _axv, 303 pages :
_billustrations ;
_c23 cm.
504 _aIncludes references and index.
650 0 _aMedia literacy.
_944372
650 0 _aMass media
_xTechnological innovations.
_944373
650 0 _aMass media and culture.
_944374
650 0 _aEducational technology.
_944375
650 0 _aHuman-computer interaction.
_924339
700 1 _aHafner, Christoph A.
_eAuthor.
_944376
906 _a7
_bcbc
_corignew
_d1
_eecip
_f20
_gy-gencatlg
942 _2ddc
_cDC